Normal view MARC view

Entry Nombre geográfico

Number of records used in: 2

001 - NÚMERO DE CONTROL

  • campo de control: 75412

003 - IDENTIFICADOR DE NÚMERO DE CONTROL

  • campo de control: OSt

005 - FECHA Y HORA DE LA ÚLTIMA TRANSACCIÓN

  • campo de control: 20241029134551.0

008 - ELEMENTOS DE DATO DE LONGITUD-FIJA

  • campo de control de longitud fija: 240704 b aiznnaaan n bnc d

024 7# - IDENTIFICADOR DE OTROS ESTÁNDARES

  • Número estándar o código: http://id.loc.gov/authorities/names/n82143105
  • Fuente: lcnaf

024 7# - IDENTIFICADOR DE OTROS ESTÁNDARES

  • Número estándar o código: http://ark.bnf.fr/ark:/12148/cb15286828w
  • Fuente: bnf

024 7# - IDENTIFICADOR DE OTROS ESTÁNDARES

  • Número estándar o código: http://viaf.org/viaf/136068808
  • Fuente: viaf

024 7# - IDENTIFICADOR DE OTROS ESTÁNDARES

  • Número estándar o código: https://www.wikidata.org/wiki/Q12411
  • Fuente: wikidata

040 ## - FUENTE DE CATALOGACIÓN

  • Centro catalogador/agencia de origen: SpMaBN
  • Lengua de catalogación: spa
  • Centro/agencia transcriptor: SpMaBN
  • Normas de descripción: rdc
  • Convención/Normas de encabezamiento de materia/tesauro: embne

151 ## - ENCABEZAMIENTO--NOMBRE GEOGRÁFICO

  • Nombre geográfico: Pontevedra

551 ## - TRAZADO DE VÉASE ADEMÁS--NOMBRE GEOGRÁFICO

  • Subcampo de control: g
  • Nombre geográfico: Pontevedra (Provincia)

551 ## - TRAZADO DE VÉASE ADEMÁS--NOMBRE GEOGRÁFICO

  • Subcampo de control: h
  • Nombre geográfico: A Carballeira (Pontevedra, Pontevedra)

551 ## - TRAZADO DE VÉASE ADEMÁS--NOMBRE GEOGRÁFICO

  • Subcampo de control: h
  • Nombre geográfico: A Canicouva

551 ## - TRAZADO DE VÉASE ADEMÁS--NOMBRE GEOGRÁFICO

  • Subcampo de control: h
  • Nombre geográfico: Cerponzóns (San Vicente)

551 ## - TRAZADO DE VÉASE ADEMÁS--NOMBRE GEOGRÁFICO

  • Subcampo de control: h
  • Nombre geográfico: Lérez (San Salvador)

551 ## - TRAZADO DE VÉASE ADEMÁS--NOMBRE GEOGRÁFICO

  • Subcampo de control: h
  • Nombre geográfico: Lourizán (Santo André)

551 ## - TRAZADO DE VÉASE ADEMÁS--NOMBRE GEOGRÁFICO

  • Subcampo de control: h
  • Nombre geográfico: Mourente (Pontevedra)

551 ## - TRAZADO DE VÉASE ADEMÁS--NOMBRE GEOGRÁFICO

  • Subcampo de control: h
  • Nombre geográfico: Ponte Sampaio (Santa María)

551 ## - TRAZADO DE VÉASE ADEMÁS--NOMBRE GEOGRÁFICO

  • Subcampo de control: h
  • Nombre geográfico: Salcedo (San Martiño)

551 ## - TRAZADO DE VÉASE ADEMÁS--NOMBRE GEOGRÁFICO

  • Subcampo de control: h
  • Nombre geográfico: Valadares

551 ## - TRAZADO DE VÉASE ADEMÁS--NOMBRE GEOGRÁFICO

  • Subcampo de control: h
  • Nombre geográfico: Xeve (Santo André)

670 ## - FUENTE DE DATOS ENCONTRADOS

  • Cita de la fuente: INEBASE. Nomenclátor
  • Información encontrada: (Pontevedra)

670 ## - FUENTE DE DATOS ENCONTRADOS

  • Cita de la fuente: NGN
  • Información encontrada: (Pontevedra)

670 ## - FUENTE DE DATOS ENCONTRADOS

  • Cita de la fuente: LCSH
  • Información encontrada: [Pontevedra (Spain)]

670 ## - FUENTE DE DATOS ENCONTRADOS

  • Cita de la fuente: BnF
  • Información encontrada: [Pontevedra (Galice, Espagne)]

Powered by Koha